| 000 | 00917nas a2200301 4500 | ||
|---|---|---|---|
| 001 | BR2012006511 | ||
| 003 | BR-BrBNA | ||
| 005 | 20231205121058.0 | ||
| 007 | ta | ||
| 008 | 230509b bl.|||p| |||| 00| 00por d | ||
| 040 |
_aBR-BrBNA _bpor _cBiblioteca Nacional de Agricultura |
||
| 041 | _a(En) | ||
| 072 | _aH60 | ||
| 100 | 1 | _aPereira, M.R.R. | |
| 100 | 1 | _aMartins, D. | |
| 100 | 1 | _aSouza, G.S.F. | |
| 100 | 1 | _aRodrigues-Costa, A.C.P. | |
| 100 | 1 | _aKlar, A.E. | |
| 245 | 1 | _aEfficacy of herbicides applied to digitaria horizontalis plants under different water conditions | |
| 650 | _aDIGITARIA HORIZONTALIS | ||
| 650 | _aCAPIM COLCHÃO | ||
| 650 | _aCONTROLE QUÍMICO | ||
| 650 | _aHERBICIDA | ||
| 650 | _aERVA DANINHA | ||
| 773 | 0 |
_tPlanta Daninha (Brazil) _xISSN 0100-8358 _g(Jan-Mar 2012), v. 30(1) p. 165-172 _wBR2012006511 |
|
| 909 |
_a202311 _bLúcia _c55 _dLúcia Elande |
||
| 942 |
_2AGRIS _n0 _cANA |
||
| 999 |
_c221733 _d221733 |
||